Automotive property - special report 2002 (Record no. 70852)

MARC details
000 -LEADER
fixed length control field 01167cam a2200241 4500
001 - CONTROL NUMBER
control field X119117
008 - FIXED-LENGTH DATA ELEMENTS--GENERAL INFORMATION
fixed length control field 020731n2002 000 0 eng u
035 ## - SYSTEM CONTROL NUMBER
System control number (Sirsi) u119117
245 ## - TITLE STATEMENT
Title Automotive property - special report 2002
260 ## - PUBLICATION, DISTRIBUTION, ETC.
Date of publication, distribution, etc. 2002
490 ## - SERIES STATEMENT
Series statement Estates Gazette
Volume/sequential designation (0230) 27 July 2002, 87-99(8)
520 ## - SUMMARY, ETC.
Summary, etc. Special report containing three articles: "Pumped-up pumps" which describes the expanding retail choice at petrol stations with oil companies extending partnerships with supermarkets; "Dealt with a new hand" discusses the increased importance of property to motor dealerships now facing EU reforms which will free them from exclusive ties to one brand and allow them to sell any brand they want.; "Out of service?" deals with roadside service operators plans to set up on future toll roads.
590 ## - LOCAL NOTE (RLIN)
Local note ABS
650 ## - SUBJECT ADDED ENTRY--TOPICAL TERM
Topical term or geographic name entry element TOLL ROADS
650 ## - SUBJECT ADDED ENTRY--TOPICAL TERM
Topical term or geographic name entry element AUTOMOTIVE INDUSTRY
650 ## - SUBJECT ADDED ENTRY--TOPICAL TERM
Topical term or geographic name entry element PETROL STATION FORECOURTS
650 ## - SUBJECT ADDED ENTRY--TOPICAL TERM
Topical term or geographic name entry element ROADSIDE SERVICES
650 ## - SUBJECT ADDED ENTRY--TOPICAL TERM
Topical term or geographic name entry element PETROL FILLING STATIONS
650 ## - SUBJECT ADDED ENTRY--TOPICAL TERM
Topical term or geographic name entry element CAR DEALERSHIPS
650 ## - SUBJECT ADDED ENTRY--TOPICAL TERM
Topical term or geographic name entry element ROADSIDE FACILITIES
690 ## - LOCAL SUBJECT ADDED ENTRY--TOPICAL TERM (OCLC, RLIN)
Topical term or geographic name as entry element PROPERTY-COMMERCIAL PROPERTY-COMMERCIAL PROPERTY MARKET
942 ## - ADDED ENTRY ELEMENTS (KOHA)
Suppress in OPAC 0
Holdings
Withdrawn status Lost status Source of classification or shelving scheme Damaged status Not for loan Home library Current library Shelving location Date acquired Total Checkouts Full call number Barcode Date last seen Copy number Price effective from Koha item type
    Dewey Decimal Classification     London London Journal article 31/07/2002   X119117 119117-1001 06/08/2019 1 06/08/2019 Journal article